Star wars quiz - Statistics

General Stats
  • This quiz has been taken 8 times
  • The average score is 7 of 15
Answer Stats
Question Answer % Correct
Who is the best bounty hunter Boba fett
75%
What is the superweapon in the force awakens Starkillerbase
75%
What is the most commen rebel ship X wing
75%
How many death stars where there 2
63%
What is star wars nemesis Startrek
63%
Hvad er den dårligste Star wars film The phantom menace
63%
The best rebelship Home one
50%
What was star wars original called The aventure of luke starkiller
50%
Hvad hedder den nye Star wars serie Andor
38%
The best sith in star wars Darth sidious
38%
Hvad er den bedste star wars film The revenge of the sith
38%
Hvem er den bedste jedi i Star Wars Yoda
38%
Who is the best jedi in star wars Obi wan kenobi
25%
hvad er den dårligste af preguels eller sequels eller original Preguels
25%
What is the empires most commen ship Star destroyer
0%
No matching quizzes found
Score Distribution
Percent of People with Each Score
Percentile by Number Answered
Your Score History
You have not taken this quiz